Comentários à lei de licitações e contratos e jurisprudência atualizada do Tribunal de Contas do Estado de Minas Gerais / (Record no. 182)
[ view plain ]
| 000 -LÍDER | |
|---|---|
| Campo Fixo de Controle | 00863cam a2200241 a 4500 |
| 001 - NÚMERO DE CONTROLE | |
| Campo de Controle | 182 |
| 003 - IDENTIFICAÇÃO DO NÚMERO DE CONTROLE | |
| Campo de Controle | BR-CuiBMT |
| 005 - DATA E HORA DA ÚLTIMA ATUALIZAÇÃO | |
| Campo de Controle | 20231114030029.0 |
| 008 - DADOS FIXOS | |
| Dados Fixos | 230824s2015 mgb 000 0 por d |
| 020 ## - INTERNATIONAL STANDARD BOOK NUMBER | |
| Nº do ISBN | 9788545000594 |
| 040 ## - AGÊNCIA CATALOGADORA | |
| Código da Agência Catalogadora | BR-CuiBMT |
| Agência que transcreveu o registro | BR-CuiBMT |
| 080 ## - Nº DA CLASSIFICAÇÃO DECIMAL UNIVERSAL | |
| Nº edição CDU | 2007 |
| Nº Class. CDU | 342.92 |
| 090 ## - NÚMERO DE CHAMADA | |
| Nº classificação | 342.92 |
| Cutter | C732 |
| 245 00 - TÍTULO PRINCIPAL | |
| Título principal | Comentários à lei de licitações e contratos e jurisprudência atualizada do Tribunal de Contas do Estado de Minas Gerais / |
| Indicação de responsabilidade | conselheira presidente Adriene Andrade ... [et al.]. |
| 260 ## - PUBLICAÇÃO, DISTRIBUIÇÃO, ETC. | |
| Local de publicação | Belo Horizonte : |
| Editora | Fórum, |
| Data | c2015. |
| 300 ## - DESCRIÇÃO FÍSICA | |
| N. páginas ou volumes | 926 p. ; |
| Dimensões | 25 cm |
| 504 ## - NOTA DE BIBLIOGRAFIA, ETC. | |
| Nota de bibliografia | Inclui bibliografia. |
| 650 ## - ASSUNTO TÓPICO | |
| Cabeçalho tópico ou nome geográfico | Licitações e contratos |
| Subdivisão de forma | Legislação |
| 650 ## - ASSUNTO TÓPICO | |
| Cabeçalho tópico ou nome geográfico | Contratação pública |
| Subdivisão geral | Normas de controle |
| 650 ## - ASSUNTO TÓPICO | |
| Cabeçalho tópico ou nome geográfico | Licitações e contratos |
| Subdivisão geral | Jurisprudência |
| Subdivisão geográfica | Minas Gerais |
| 700 1# - ENTRADA SECUNDÁRIA -- NOME PESSOAL | |
| Nome pessoal | Andrade, Adriene |
| Cód. do termo explicativo | et al. |
| 942 ## - ELEMENTOS DE ENTRADA ADICIONAIS (KOHA) | |
| Fonte de classificação ou esquema de arquivamento | Classificação Decimal Universal |
| Tipo de item do Koha | Livros |
| Estado: removido | Estado: perdido | Fonte de classificação ou esquema de arquivamento | Estado: danificado | Indisponível para empréstimo | Localização permanente | Localização atual | Data de aquisição | Total Checkouts | Número de Chamada completo | Código de barras | Date last seen | Número do exemplar | Preço efetivo a partir de | Tipo de item (Koha) |
|---|---|---|---|---|---|---|---|---|---|---|---|---|---|---|
| Classificação Decimal Universal | Biblioteca da Escola Superior de Contas do TCE/MT | Biblioteca da Escola Superior de Contas do TCE/MT | 28/07/2023 | 342.92 C732 | BIBTCEMT23080159 | 24/08/2023 | Ex. 1 | 24/08/2023 | Livros | |||||
| Classificação Decimal Universal | Biblioteca da Escola Superior de Contas do TCE/MT | Biblioteca da Escola Superior de Contas do TCE/MT | 28/07/2023 | 342.92 C732 | BIBTCEMT23110322 | 09/11/2023 | Ex. 2 | 24/08/2023 | Livros | |||||
| Classificação Decimal Universal | Biblioteca da Escola Superior de Contas do TCE/MT | Biblioteca da Escola Superior de Contas do TCE/MT | 23/11/2023 | 342.92 C732 | BIBTCEMT23110955 | 23/11/2023 | Ex. 3 | 23/11/2023 | Livros |